MARC details
| 000 -LEADER |
| fixed length control field |
02585cam a22004578i 4500 |
| 001 - CONTROL NUMBER |
| control field |
23085088 |
| 005 - DATE AND TIME OF LATEST TRANSACTION |
| control field |
20240318152826.0 |
| 008 - FIXED-LENGTH DATA ELEMENTS--GENERAL INFORMATION |
| fixed length control field |
230428s2023 nyu j b 000 0 eng |
| 010 ## - LIBRARY OF CONGRESS CONTROL NUMBER |
| LC control number |
2022061884 |
| 020 ## - INTERNATIONAL STANDARD BOOK NUMBER |
| International Standard Book Number |
9781419761249 |
| Qualifying information |
(hardcover) |
| 020 ## - INTERNATIONAL STANDARD BOOK NUMBER |
| Cancelled/invalid ISBN |
9781647006457 |
| Qualifying information |
(ebook) |
| 040 ## - CATALOGING SOURCE |
| Original cataloging agency |
DLC |
| Language of cataloging |
eng |
| Description conventions |
rda |
| Transcribing agency |
DLC |
| 041 1# - LANGUAGE CODE |
| Language code of text/sound track or separate title |
eng |
| Language code of original and/or intermediate translations of text |
jpn |
| 042 ## - AUTHENTICATION CODE |
| Authentication code |
pcc |
| 050 00 - LIBRARY OF CONGRESS CALL NUMBER |
| Classification number |
NC991.5.Y68 |
| Item number |
A4 2023 |
| 082 00 - DEWEY DECIMAL CLASSIFICATION NUMBER |
| Classification number |
720 |
| Edition number |
23/eng/20230606 |
| 084 ## - OTHER CLASSIFICATION NUMBER |
| Classification number |
JUV008080 |
| -- |
JUV003000 |
| Source of number |
bisacsh |
| 092 ## - LOCALLY ASSIGNED DEWEY CALL NUMBER (OCLC) |
| Classification number |
young adult graphic |
| Item number |
Yoshida |
| 100 1# - MAIN ENTRY--PERSONAL NAME |
| Personal name |
Yoshida, Seiji |
| Titles and other words associated with a name |
(Illustrator), |
| Relator term |
author. |
| 9 (RLIN) |
6483910 |
| 240 10 - UNIFORM TITLE |
| Uniform title |
<a href="Monogatari no ie.">Monogatari no ie.</a> |
| Language of a work |
English |
| 245 10 - TITLE STATEMENT |
| Title |
Houses with a story : |
| Remainder of title |
a dragon's den, a ghostly mansion, a library of lost books, and 30 more amazing places to explore / |
| Statement of responsibility, etc |
Yoshida Seiji ; translated by Jan Mitsuko Cash. |
| 263 ## - PROJECTED PUBLICATION DATE |
| Projected publication date |
2311 |
| 264 #1 - Production, Publication, Distribution, Manufacture, and Copyright Notice. |
| Place of production, publication, distribution, manufacture |
New York : |
| Name of producer, publisher, distributor, manufacturer |
Amulet Books, |
| Date of production, publication, distribution, manufacture, or copyr |
2023. |
| 300 ## - PHYSICAL DESCRIPTION |
| Extent |
pages cm |
| 336 ## - Content Type |
| Content type term |
text |
| 337 ## - Media type |
| Media type term |
unmediated |
| 338 ## - Carrier type |
| Carrier type term |
volume |
| 504 ## - BIBLIOGRAPHY, ETC. NOTE |
| Bibliography, etc |
Includes bibliographical references. |
| 520 ## - SUMMARY, ETC. |
| Summary, etc |
"A dreamer's tree house. A mechanic's cottage. A submerged city. Over thirty imaginative houses and the people who make them home offer unexpected worlds to wander through and explore. Who is the mischievous bridgetower keeper? What does the witch grow in her garden? How does the postal worker tame his delivery dragons? In each house, readers discover the contents of rooms and closets, what's at the top of the stairs and where shadowy hallways lead. Story text provides background and details about the lives of the residents and hints about their past and future. Lush illustrations, diagrams and detailed descriptions of each character, location and landscape open doors to whimsy, wonder, and endless possibilities"-- |
| 521 ## - TARGET AUDIENCE NOTE |
| Target audience note |
Ages 12 and Up. |
| Source |
Amulet Books. |
| 586 ## - AWARDS NOTE |
| Awards note |
Mildred L. Batchelder Award Winner, 2024. |
| 600 10 - SUBJECT ADDED ENTRY--PERSONAL NAME |
| Personal name |
Yoshida, Seiji |
| Titles and other words associated with a name |
(Illustrator) |
| General subdivision |
Themes, motives |
| Form subdivision |
Juvenile literature. |
| 9 (RLIN) |
6483911 |
| 650 #0 - SUBJECT ADDED ENTRY--TOPICAL TERM |
| Topical term or geographic name as entry element |
Fantastic architecture |
| Form subdivision |
Juvenile literature. |
| 9 (RLIN) |
6483912 |
| 650 #0 - SUBJECT ADDED ENTRY--TOPICAL TERM |
| Topical term or geographic name as entry element |
Domestic space |
| Form subdivision |
Juvenile literature. |
| 9 (RLIN) |
6483913 |
| 650 #0 - SUBJECT ADDED ENTRY--TOPICAL TERM |
| Topical term or geographic name as entry element |
Mildred L. Batchelder Award. |
| 9 (RLIN) |
6483908 |
| 650 #7 - SUBJECT ADDED ENTRY--TOPICAL TERM |
| Topical term or geographic name as entry element |
JUVENILE FICTION / Comics & Graphic Novels / Fantasy |
| Source of heading or term |
bisacsh |
| 9 (RLIN) |
5739124 |
| 650 #7 - SUBJECT ADDED ENTRY--TOPICAL TERM |
| Topical term or geographic name as entry element |
JUVENILE FICTION / Art |
| Source of heading or term |
bisacsh |
| 9 (RLIN) |
6002293 |
| 700 1# - ADDED ENTRY--PERSONAL NAME |
| Personal name |
Cash, Jan Mitsuko, |
| Relator term |
translator. |
| 9 (RLIN) |
6469556 |
| 776 08 - ADDITIONAL PHYSICAL FORM ENTRY |
| Display text |
Online version: |
| Main entry heading |
Seiji, Yoshida (Illustrator). |
| Title |
Houses with a story |
| Place, publisher, and date of publication |
New York : Amulet Books, 2023 |
| International Standard Book Number |
9781647006457 |
| Record control number |
(DLC) 2022061885 |
| 942 ## - ADDED ENTRY ELEMENTS (KOHA) |
| Source of classification or shelving scheme |
Dewey Decimal Classification |
| Koha item type |
BOOK |